00922nam a2200253 a 450000100100000000500170001000800410002702000180006804000250008608200190011124500650013026000470019530000270024249000190026959000270028865000400031565000400035565000420039570000340043783000260047191000370049795201170053499900170065100004568520240409073826.0150427s2009 mx a 000 j spa d a9786077666110 aDO-SdBNPbspacBNPHU aRD863.5bC965c00aCuentos clásicos infantiles /ccompilador Alberto Almaraz. aMéxic, D.F. :bEdiciones Leyenda,c2009. a90 p. :bil. ;c21 cm.1 aNuestro tiempo aInventariado, 2019/MFF 0aCuentos infantiles dominicanos9505 4aLiteratura infantil dominicana9441 4aLibros infantilesvCOLECCIONES97374112aAlberto Almarazecomp.973742 0aNuestro tiempo973743 aValidado. Control de calidad MFF 001050718MOaGRbGRcHDd2015-04-27iLF1l0oRD863.5 C965cp45685-10r2020-06-25w2020-06-25y1ZNo se presta c45174d45174